000 00661nam a22002177a 4500
003 LK-CoMWRAF
005 20230925212451.0
008 230925b |||||||| |||| 00| 0 eng d
040 _aLK-CoMWRAF
_dLK-CoMWRAF
_eLK-CoMWRAF
041 _aeng
082 _a297.204
_bAKH
100 _aAkhter, Syed Hashim Ali
245 _aThe Essence of Islam :
_bAccording to the Qurʾan and the traditions
260 _aChicago, Ill. :
_bIQRAʾ International Educational Foundation,
_c1998
300 _a331 p. ; 24 cm.
650 _aIslam -- Essence
650 _aGenius - nature
650 _aIslam -- Doctrines
650 _aHadith -- Criticism
942 _cBK
999 _c3669
_d3669